Openings d'anime les plus ecoutés par années - Statistiques

Statistiques générales
  • Ce quiz a été pris 168 fois
  • Le résultat moyen est 19 sur 110
Statistiques - réponses
Annees Vues reponse % Correct
2008 600M Blue bird
72%
2023 1.7Mrd Idol
63%
2014 1.2Mrd Silhouette
58%
2022 981M Kick back
57%
2017 450M Shinzou wo sasageyo
49%
2019 1.1Mrd Gurenge
48%
2014 786M Unravel
44%
2019 1.2Mrd Inferno
43%
2004 223M Go
41%
2009 420M Sign
41%
2006 140M Colors
40%
2024 825M Bling-Bang-Bang-Born
39%
2023 528M Specialz
39%
2012 500M Crossing field
38%
2020 1.4Mrd Kaikai Kitan
37%
2006 178M The world
37%
2016 260M The day
36%
2020 450M Black catcher
35%
2024 427M Otonoke
34%
2018 280M Black rover
33%
2013 365M Guren no yumiya
33%
2015 220M The hero
33%
2009 170M Again
32%
2011 136M Departure
32%
2022 376M Rumbling
28%
2017 1Mrd Peace sign
27%
2021 646M Cry baby
26%
2018 250M Odd future
26%
2009 96M Snow fairy
26%
2021 242M My war
25%
2010 128M Ranbu no melody
25%
2018 220M Red swan
24%
2023 450M Ao no sumika
22%
2013 281M Bloody stream
22%
2016 230M Fly high
22%
2021 1.2Mrd Kaibutsu
21%
2017 *200M Hope
20%
2019 200M Polaris
20%
2003 330M Haruka kanata
19%
2014 250M Hikaru nara
19%
2011 231M Lovers
19%
2021 824M Zankyou sanka
19%
2015 210M Brave shine
18%
2003 111M Melissa
18%
2015 800M Kyouran hey kids
17%
2004 74M Asterisk
16%
2024 200M Fatal
15%
2022 480M Mixed Nuts
15%
2012 122M Sono chi no sadame
15%
2008 120M Closer
14%
2007 50M Distance
13%
2010 120M My soul your beats
13%
2020 250M Daddy! daddy! do!
12%
2014 202M Netsujou no spectrum
12%
2011 126M Oath sign
12%
2023 376M Yuusha
12%
2018 200M Adamas
11%
2006 103M Brand new world
11%
2016 124M Hikari are
11%
2013 140M Jiyuu no tsubasa
11%
2019 600M Kawaki wo ameku
11%
2005 110M D-technolife
10%
2009 112M Hotaru no hikari
10%
2022 194M Naked hero
10%
2008 80M Paper moon
10%
2003 *50M Bon voyage
9%
2014 203M Goya no machiawase
9%
2007 136M Hero's come back
9%
2023 336M Kizuna no kiseki
9%
2010 107M Period
9%
2013 116M Sakura mitsutsuki
9%
2004 170M Rewrite
8%
2017 165M Sora ni utaeba
8%
2020 130M Anima
7%
2016 130M History maker
7%
2015 190M Let me hear
7%
2011 162M My dearest
7%
2010 90M One day
7%
2010 320M Renai circulation
7%
2008 *100M Resonance
7%
2017 110M Deal with the devil
6%
2004 58M Kokoro no Chizu
6%
2018 237M Fiction
5%
2008 *60M Monochrome no kiss
5%
2007 101M Sorairo days
5%
2022 474M The blessing
5%
2007 87M After dark
4%
2021 199M Boy
4%
2020 125M Centimeter
4%
2012 60M Innocence
4%
2007 70M What's up people
4%
2012 76M Abnormalize
3%
2006 55M Colors of the heart
3%
2013 110M Database
3%
2009 120M Golden time lover
3%
2003 88M kanashimi wo yasashisa ni
3%
2005 30M Namikaze sattelite
3%
2006 67M Rolling star
3%
2024 250M Sunny
3%
2011 108M Aoi shiori
2%
2005 42M Days
2%
2005 30M ichirin no hana
2%
2024 437M Lilac
2%
2015 186M Pride kakumei
2%
2016 121M Great days
1%
2019 300M Onegai muscle
1%
2003 31M Grip
0%
2004 115M Seishun kyousoukyoku
0%
2005 34M Shonen heart
0%
2012 60M To the beggining
0%
Aucun quiz correspondant
Distribution des résultats
% des personnes avec chaque résultat
Percentile par nombre de réponses
Votre historique - résultats
Vous n’avez pas pris ce quiz